000 00722cam a22002292 4500
001 0000013141
005 20151217145900.0
008 090611s xx 000 0 eng d
020 _a0072225602 :
040 _aKABU
_cKABU
050 0 _aQA76.73
_b.S67G762 2003
100 1 _aGroff, James R.
_@0000154533
245 1 0 _aSQL :
_bthe complete reference /
_cJames R. Groff and Paul N. Weinberg.
250 _a2nd ed.
260 _aNew York :
_b McGraw-Hill,
_c2003.
300 _axxiv, 1050 p. +
_e1 CD-ROM.
650 0 _aSQL (computer program language)
_@0000154534
700 1 _aWienberg, Paul N.
_@0000154535
852 1 _9p4810 KES
908 _a090611
950 _@1
999 _c3675
_d3675